MARC

LEADER 00000nam0a2200000 4500
001 273585
005 20231101234638.0
020 |a RU  |b 87-76165 
035 |a (RuTPU)RU\TPU\book\296794 
090 |a 273585 
100 |a 20141028d1987 k y0rusy5003 ca 
101 0 |a rus 
102 |a UA 
105 |a y z 001zy 
200 1 |a Современная религиозность: состояние, тенденции, пути преодоления  |f А. С. Онищенко [и др.]  |g Академия общественных наук при ЦК КПСС (АОН), Институт научного атеизма 
210 |a Киев  |c Политиздат Украины  |d 1987 
215 |a 265 с. 
320 |a Библиогр. в примеч.: с. 259-264 
606 1 |a Атеизм  |2 stltpush  |3 (RuTPU)RU\TPU\subj\29599  |9 52889 
610 1 |a атеистическое воспитание 
610 1 |a религия 
610 1 |a Украина 
610 1 |a модернизация 
610 1 |a состояние 
610 1 |a тенденции 
686 |a Э160  |v LBC/SL-A  |2 rubbk 
701 1 |a Онищенко  |b А. С. 
701 1 |a Литвиненко  |b Н. Т. 
701 1 |a Косуха  |b П. И. 
701 1 |a Бондаренко  |b В. Д. 
712 0 2 |a Академия общественных наук при ЦК КПСС (АОН)  |b Институт научного атеизма  |c (Москва)  |c (1964-1991)  |2 stltpush  |3 (RuTPU)RU\TPU\col\11312 
801 0 |a RU  |b RuMRKP  |c 19960705  |g psbo 
801 1 |a RU  |b 63413507  |c 20141028 
801 2 |a RU  |b 63413507  |c 20170113  |g RCR 
942 |c BK